000 00799nam a2200193 i 4500
001 150725
003 ES-MaACL
005 20230906203649.0
007 t|
008 071107s1889 fr d |||| | fre d
245 0 0 _aDictionnaire des sciences anthropologiques
_b: anatomie, crâniologie, archéologie préhistorique, ethnographie (moeurs, arts, industrie), démographie, langues, religions /
_cpublié sous la direction de A. Bertillon ... [et al.].
260 _aParis :
_bOctave Doin :
_bMarpon et Flammarion,
_c[1889]
300 _aIII, 1128 p. :
_bil. ;
_c29 cm.
650 4 _aAntropología cultural y social-
_vDiccionarios.
_99871
650 1 4 _aAntropología física-
_vDiccionarios.
_99895
700 1 _aBertillon, Alphonse.
_9199555
852 _aES-MaACL
_jB-10951
999 _c150725
_d150725